| 000 | 05280cam a22017774i 4500 | ||
|---|---|---|---|
| 003 | PE-LiUPU | ||
| 005 | 20250813165456.0 | ||
| 008 | 171019s2017 pe a r 000 0 spa d | ||
| 020 | _a9786124221538 | ||
| 035 | _a(Sirsi) a239826 | ||
| 040 |
_aPE-LiUPU _bspa _cPE-LiUPU _erda |
||
| 049 | _aPRUA | ||
| 082 | 0 | 4 |
_a615.535 _bP43 _220 |
| 100 | 1 |
_aPérez Albela, José Luis, _eautor. |
|
| 245 | 1 | 3 |
_aEl recetario : _brecetas preventivas, curativas y para el alma / _cJosé Luis Pérez Albela. |
| 250 | _aprimera edición. | ||
| 264 | 1 |
_aLima : _beditorial setiembre, _c2017. |
|
| 300 |
_a95 páginas : _bilustraciones ; _c24 centímetros |
||
| 336 |
_atext _2rdacontent |
||
| 337 |
_aunmediated _2rdamedia |
||
| 338 |
_avolume _2rdacarrier |
||
| 505 | 0 | _aVias repiratoria -- Bronquitis -- Dolor de garganta -- Resfriado -- Tos --Sistema Inmunitario -- Inapetencia -- Anemia -- Alergias -- Asma -- Sistema Digestivo -- Estreñimiento -- Indigestión -- Cólicos abdominales -- Diarrea --Flatulencias -- Parásitos -- Gastritis -- Úlceras -- Hemorroides -- Corazón y Circulación -- Hipertensión -- Colesterol -- Várices --Vías Urinarias -- Dolor en los riñones -- Incontinencia urinaria -- Cálculos renales -- Cálculos en la vesícula -- Inflamación de la próstata -- Higado -- Hepatitis -- Higado graso -- Intoxicación pro el alcohol y regenerador hepático -- Afecciones de la mujer -- Infecciones vaginales -- Cólicos menstruales -- Quistes ovárico -- Osteoporosis -- Ojos, boca y oidos -- Conjuntivitis -- Orzuelos -- Aftas y herpes bucal -- Gingivitis -- Dolor de muela -- Otitis -- Lesiones en la piel -- Acné -- Erisipela -- Hongos en la piel -- Cabeza y sistema nervioso -- Dolor de cabeza -- Estrés -- Depresión -- Memoria y cansancio mental -- transtornos alimenticios -- Insomnio -- Afecciones Crónicas -- Cáncer -- Diabetes -- Pie Diabético -- Tuberculosis pulmonar -- Párkinson -- Huesos y articulaciones -- Traumatismo -- Fracturas óseas -- Vida saludable -- Sobre peso -- Tabaquismo -- Frigidez e impotencia sexual -- Resetas para el alma -- El perdón -- El ayuno -- El agua -- La música -- El poder del verbo -- Decreto de la armonía del alma -- Heridas emocionales -- La luna y el sol -- Yoga y meditación -- La risa -- El sueño -- El bienestar absoluto. | |
| 526 | _aP203 | ||
| 526 | _aP200 | ||
| 526 | _aSEG65 | ||
| 526 | _aSEG64 | ||
| 526 | _aSEG63 | ||
| 526 | _aSEG62 | ||
| 526 | _aSEG61 | ||
| 526 | _aSEG60 | ||
| 526 | _aSEG59 | ||
| 526 | _aSEG58 | ||
| 526 | _aSEG57 | ||
| 526 | _aSEG56 | ||
| 526 | _aSEG55 | ||
| 526 | _aSEG54 | ||
| 526 | _aSEG53 | ||
| 526 | _aSEG52 | ||
| 526 | _aSEG51 | ||
| 526 | _aSEG50 | ||
| 526 | _aSEG49 | ||
| 526 | _aSEG48 | ||
| 526 | _aSEG47 | ||
| 526 | _aSEG46 | ||
| 526 | _aSEG24 | ||
| 526 | _aSEG23 | ||
| 526 | _aSEG22 | ||
| 526 | _aSEG21 | ||
| 526 | _aSEG20 | ||
| 526 | _aSEG19 | ||
| 526 | _aSEG18 | ||
| 526 | _aSEG17 | ||
| 526 | _aSEG16 | ||
| 526 | _aSEG14 | ||
| 526 | _aSEG13 | ||
| 526 | _aSEG12 | ||
| 526 | _aSEG11 | ||
| 526 | _aSEG10 | ||
| 526 | _aSEG09 | ||
| 526 | _aSEG06 | ||
| 526 | _aSEG05 | ||
| 526 | _aSEG04 | ||
| 526 | _aSEG03 | ||
| 526 | _aSEG02 | ||
| 526 | _aSEG68 | ||
| 526 | _aSEG66 | ||
| 526 | _aSEG45 | ||
| 526 | _aSEG25 | ||
| 526 | _aSEG01 | ||
| 526 | _aP163 | ||
| 526 | _aP162 | ||
| 526 | _aP161 | ||
| 526 | _aP160 | ||
| 526 | _aP159 | ||
| 526 | _aP158 | ||
| 526 | _aP157 | ||
| 526 | _aP156 | ||
| 526 | _aP155 | ||
| 526 | _aP154 | ||
| 526 | _aP153 | ||
| 526 | _aP152 | ||
| 526 | _aP151 | ||
| 526 | _aP150 | ||
| 526 | _aP149 | ||
| 526 | _aP142 | ||
| 526 | _aP141 | ||
| 526 | _aP140 | ||
| 526 | _aP139 | ||
| 526 | _aP138 | ||
| 526 | _aP137 | ||
| 526 | _aP132 | ||
| 526 | _aP131 | ||
| 526 | _aP130 | ||
| 526 | _aP126 | ||
| 526 | _aP125 | ||
| 526 | _aP124 | ||
| 526 | _aP123 | ||
| 526 | _aP115 | ||
| 526 | _aP122 | ||
| 526 | _aP121 | ||
| 526 | _aP116 | ||
| 526 | _a P114 | ||
| 526 | _aP112 | ||
| 526 | _aP111 | ||
| 526 | _aP104 | ||
| 526 | _aP103 | ||
| 526 | _aP102 | ||
| 526 | _aP101 | ||
| 526 | _aP100 | ||
| 526 | _aP96 | ||
| 526 | _aP95 | ||
| 526 | _aP93 | ||
| 526 | _aP92 | ||
| 526 | _aP91 | ||
| 526 | _aP88 | ||
| 526 | _aP83 | ||
| 526 | _aP82 | ||
| 526 | _aP79 | ||
| 526 | _aP78 | ||
| 526 | _aP75 | ||
| 526 | _aP74 | ||
| 526 | _aP71 | ||
| 526 | _aP69 | ||
| 526 | _a P51 | ||
| 526 | _aP49 | ||
| 526 | _aP48 | ||
| 526 | _aP47 | ||
| 526 | _aP33 | ||
| 526 | _aP31 | ||
| 526 | _a P30 | ||
| 526 | _aP29 | ||
| 526 | _aP27 | ||
| 526 | _aP26 | ||
| 526 | _aP25 | ||
| 526 | _aP24 | ||
| 526 | _a P22 | ||
| 526 | _aP10 | ||
| 526 | _aP09 | ||
| 526 | _a P08 | ||
| 526 | _aP06 | ||
| 526 | _aP05 | ||
| 526 | _aP04 | ||
| 526 | _aP01 | ||
| 650 | 0 | 4 | _aResetas preventivas. |
| 910 |
_ajck _bksl _cksl _d20171019 |
||
| 942 |
_2ddc _cBOOK |
||
| 994 |
_aC0 _bPEPRU |
||
| 596 | _a1 | ||
| 999 |
_a615.535 P43 _wLC _c25503 _i76864 _d25503 _e2018-4-17 _f2021-11-4 _g4 _lCCODEBUL1 _mBUL _n1 _p18.00 _q5 _r0 _sY _tBOOK _u2017-10-18 _xSALUD _PP31 _0COMPRA |
||
| 980 |
_81 _gALBERTO SANCHEZ Responsable de Automatización |
||